LEADER 02168oam 2200637 450 001 9910708343603321 005 20180328164133.0 035 $a(CKB)3790000000047310 035 $a(OCoLC)801943435$z(OCoLC)150694289$z(OCoLC)654247060$z(OCoLC)805945228 035 $a(EXLCZ)993790000000047310 100 $a20120726d1999 ua 0 101 0 $aeng 135 $aurbn||||||||| 181 $ctxt$2rdacontent 182 $cc$2rdamedia 183 $acr$2rdacarrier 200 10$aComplementary and alternative medicine in government-funded health programs $ehearing before the Committee on Government Reform, House of Representatives, One Hundred Sixth Congress, first session, February 24, 1999 210 1$aWashington :$cU.S. Government Printing Office,$d1999. 215 $a1 online resource (iii, 173 pages) 300 $a"Serial no. 106-4." 320 $aIncludes bibliographical references. 517 $aComplementary and alternative medicine in government-funded health programs 606 $aAlternative medicine$zUnited States 606 $aMedical policy$zUnited States 606 $aHealth insurance$zUnited States 606 $aFederal aid to medical research$zUnited States 606 $aAlternative medicine$xLaw and legislation$2fast 606 $aHealth insurance$2fast 606 $aMedical policy$2fast 607 $aUnited States$2fast 608 $aLegislative hearings.$2lcgft 615 0$aAlternative medicine 615 0$aMedical policy 615 0$aHealth insurance 615 0$aFederal aid to medical research 615 7$aAlternative medicine$xLaw and legislation. 615 7$aHealth insurance. 615 7$aMedical policy. 676 $a362.1/782 801 0$bOCLCE 801 1$bOCLCE 801 2$bOCLCO 801 2$bNJRLL 801 2$bOCLCQ 801 2$bOCLCA 801 2$bOCLCF 801 2$bOCLCQ 801 2$bOCLCO 801 2$bOCLCA 801 2$bCWCLL 801 2$bOCL 801 2$bGPO 906 $aBOOK 912 $a9910708343603321 996 $aComplementary and alternative medicine in government-funded health programs$93513740 997 $aUNINA